TPPA perjanjian perkongsian trans-pasifik : jawapan kepada kebimbangan, salah faham dan tuduhan

Saved in:
Bibliographic Details
Corporate Author: Malaysia. Kementerian Perdagangan Antarabangsa & Industri
Other Authors: Syed Azidi Syed Abd Aziz (Editor)
Format: Book
Language:Malay
Published: Kuala Lumpur Kementerian Perdagangan Antarabangsa & Industri 2016
Subjects:
Tags: Add Tag
No Tags, Be the first to tag this record!
Call Number :HF 1477.M4 T673 2016

MARC

LEADER 00000nam a2200000 i 4500
001 105173
003 MY-KLNDU
005 20241220042432.0
008 221104 20162016my a | 000 0 may d
039 9 |a 202211041145  |b VLOAD  |c 201606141533  |d faezah  |y 201606141533  |z faezah 
040 |a UPNM  |b eng  |c UPNM  |e rda 
090 |a HF 1477.M4  |b T673 2016 
245 0 0 |a TPPA  |b perjanjian perkongsian trans-pasifik : jawapan kepada kebimbangan, salah faham dan tuduhan  |c Susunan, suntingan dan rekabentuk susun atur: Syed Azidi Syed Abdul Aziz 
246 3 |a Perjanjian perkongsian trans-pasifik (TPPA) 
264 1 |a Kuala Lumpur  |b Kementerian Perdagangan Antarabangsa & Industri  |c 2016 
264 4 |c © 2016 
300 |a 82 pages  |b colour illustrations  |c 22 cm 
336 |a text  |2 rdacontent 
337 |a unmediated  |2 rdamedia 
338 |a volume  |2 rdacarrier 
592 |b 24/3/2016  |c Hadiah & sumbangan  |h MITI 
650 0 |a Free trade  |z Pacific Area 
651 |a Pacific Area  |x Foreign economic relations 
700 0 |a Syed Azidi Syed Abd Aziz  |e editor  |e book designer 
710 1 |a Malaysia.  |b Kementerian Perdagangan Antarabangsa & Industri 
999 |a vtls000056713  |c 105173  |d 105173